00269nam a2200109Ia 4500008004100000082000800041100001500049245002200064260002900086630002200115730002200137100328s9999 xx 000 0 und d b108 aDavis H.L. aHoney In The Horn bLovat Dickson & Thompson aHoney In The Horn aHoney In The Horn